Archaeological landscapes of the Near East
Αποθηκεύτηκε σε:
| Κύριος συγγραφέας: | |
|---|---|
| Μορφή: | Βιβλίο |
| Γλώσσα: | English |
| Δημοσίευση: |
Tucson :
University of Arizona Press,
[c2003]
|
| Θέματα: | |
| Ετικέτες: |
Προσθήκη ετικέτας
Δεν υπάρχουν, Καταχωρήστε ετικέτα πρώτοι!
|
MARC
| LEADER | 00000nam a2200000 i 4500 | ||
|---|---|---|---|
| 001 | 1/72205 | ||
| 008 | 080124s2003 eng d | ||
| 020 | |a 0-8165-2173-5 (hbk.) | ||
| 035 | |l 10094086 | ||
| 040 | |a GR-MY-UA |b gre |e aacr | ||
| 041 | 0 | |a eng | |
| 082 | 0 | |a 911.394 |2 (22) | |
| 100 | 1 | |a Wilkinson, T. J. |q (Tony J.) | |
| 245 | 1 | 0 | |a Archaeological landscapes of the Near East / |c T.J. Wilkinson |
| 260 | |a Tucson : |b University of Arizona Press, |c [c2003] | ||
| 300 | |a xixi, 260 σ.; |c 30 εκ. | ||
| 504 | |a Βιβλιογραφία: σ. [229]-252. Ευρετήριο και γλωσσάρι | ||
| 650 | 0 | 0 | |a Landscape archaeology |z Middle East. |
| 650 | 0 | 0 | |a Landscape |x Middle East. |
| 651 | 0 | |a Middle East |x Historical geography. | |
| 852 | |a INST |b RHODES |e 20080124 |h 911.394 WIL |p 005400030320 |q 005400030320 |t BK |y 0 | ||
| 901 | |a BIBL4-2008-1 | ||
| 909 | |a Ρ |b 142445 | ||
| 922 | |a 4ΕΛΗ |b 200712 |c ΕΠΕΑΕΚ2/ΤΜΣ |d ΕΛΕΥΘΕΡΟΥΔΑΚΗΣ | ||
| 970 | |a ΚΟΖΑ |b ΜΑΡΙΑ |z 2008/01/24 | ||